Statistics for Attack on Titan Characters

Click here to take the quiz!

General Stats

  • This quiz has been taken 5,859 times
    (5,808 since last reset)
  • The average score is 11 of 15

Answer Stats

HintAnswer% Correct
Main CharacterEren
100%
Main Character's Adopted SisterMikasa
98%
Main Character's Best FriendArmin
97%
Potato GirlSasha
92%
Female TitanAnnie
91%
Armored TitanReiner
91%
Clean FreakLevi
89%
"Goddess's" BFFYmir
76%
Dude that doesn't like Eren in the beginningJean
74%
Main Character's DadGrisha
73%
"Godess"Christa
66%
Main Character's MomCarla
58%
Little red head chick in Levi's SquadPetra
55%
Crazy scientistHanji
49%
Dude that always hangs out with ReinerBertolt
39%

Score Distribution

Percentile by Number Answered

Percent of People with Each Score

Your Score History

You have not taken this quiz since the last reset